=LDR 00000nam 2200000 4500 =001 INLIS000000000055134 =005 20200316074725 =035 ##$$a 0010-0320000241 =007 ta =008 200316################g##########0#ind## =082 ##$$a 297.4 =084 ##$$a 297.4 DIN =245 ##$$a Dinamika kehidupan beragama di daerah industri /$c Departemen Agama RI =260 ##$$a Jakarta :$b Badan Penelitian dan Pengembangan Agama,$c 1994 =300 ##$$a xiv, 196 hlm., ; $c 15 x 20 cm =700 #$$a penyunting, Sudjangi =600 #4$$a Kehidupan beragama =990 ##$$a 3200000209